Normal view
MARC view
- Yavaşlar, Hulusi
Entry Personal Name
001 - CONTROL NUMBER
- control field: 128638
003 - CONTROL NUMBER IDENTIFIER
- control field: TR-AnTOB
005 - DATE AND TIME OF LATEST TRANSACTION
- control field: 20201022143701.0
008 - FIXED-LENGTH DATA ELEMENTS
- fixed length control field: 201022n|eazannaab| |n aaa d
040 ## - CATALOGING SOURCE
- Original cataloging agency: TR-AnTOB
100 1# - HEADING--PERSONAL NAME
- Personal name: Yavaşlar, Hulusi



